| 000 | 00902nam a2200265 a 4500 | ||
|---|---|---|---|
| 001 | BRCA_8025 | ||
| 005 | 20190320210112.0 | ||
| 008 | 210314s1967----mx-a###f##---#001-0#spa-# | ||
| 041 | _aspa | ||
| 044 | _amx | ||
| 050 | 4 |
_aN8050 _b.R65 _c1967 |
|
| 245 | 1 | 0 |
_aMéxico _bangustia de sus cristos _cfotografías de Sonia de la Rozière ; texto de Javier Moyssén ; traducción de Colin White. |
| 260 |
_aMéxico _bINAH _c1967 |
||
| 300 |
_aXXXVIII, 123 p. _bil. (algunas a color), 130 láminas _c28 cm. |
||
| 500 | _a3167 | ||
| 546 | _aTexto de las láminas en: español e inglés | ||
| 600 | 1 | 4 |
_aJesús Cristo _vArte _919937 |
| 650 | 1 | 4 |
_aCristos _vArte religioso _zMéxico _919938 |
| 650 | 1 | 4 |
_aArte cristiano _vCatálogos _zMéxico _919939 |
| 700 | 1 |
_aRozière, Sonia de la _efot. _919940 |
|
| 700 | 1 |
_aMoyssén, Javier _919941 |
|
| 700 | 1 |
_aColin, White _etr. _919942 |
|
| 902 | _aGFM | ||
| 942 |
_2lcc _cB |
||
| 999 |
_c7694 _d7694 |
||